| 000 | 00612nam a2200241 a 4500 | ||
|---|---|---|---|
| 001 | nice12345678 | ||
| 003 | IN_TiNIC | ||
| 005 | 20260116011342.0 | ||
| 008 | 050524s0000 dela grp 000 0 urd | ||
| 020 |
_a _c2.25 |
||
| 082 | 0 | 0 |
_a297.23 _bILA1 |
| 100 | _aIlahi, Mohd Aashiq | ||
| 245 | _aRasul Allah Ki Peshan Goiyan | ||
| 260 |
_aDelhi _bIdara Tableegh-E-Islam _c0000 |
||
| 300 | _a144p | ||
| 500 | _aincludes index and biblioraphy | ||
| 505 | 2 | _ascn book club study project.3 | |
| 650 | _aEschatology-Islamic | ||
| 700 | 1 | _aIlahi, Mohd Aashiq | |
| 902 | _bSRS | ||
| 942 | _cBK | ||
| 999 |
_c772 _d772 |
||